Statistics for Countries Symbolized in the Solar System👽

Click here to take the quiz!

General Stats

  • This quiz has been taken 2,165 times
  • The average score is 5 of 10

Answers on the Map

Answers color-coded by a green-red scale on the quiz's map according to % correct below.
 

Answer Stats

Country% Correct
Saint Vincent and the Grenadines
86%
Japan
85%
Palau
67%
Bangladesh
58%
Tuvalu
57%
Nauru
40%
Solomon Islands
39%
Pakistan
31%
South Korea
25%
Nepal
8%

Score Distribution

Percentile by Number Answered

Percent of People with Each Score

Your Score History

You have not taken this quiz